Jigeesha's general studies-V II (Record no. 95666)

MARC details
000 -LEADER
fixed length control field 00534nam a22001697a 4500
005 - DATE AND TIME OF LATEST TRANSACTION
control field 20150811112732.0
010 ## - LCCN (DPL NO)
LC control number 1516EN07
020 ## - INTERNATIONAL STANDARD BOOK NUMBER
International Standard Book Number 9789351433156(v.II)
Terms of availability 1350.00
037 ## - SOURCE OF ACQUISITION
Stock number dpl
Source of stock number/acquisition Asian Book Centre/Ven
245 ## - TITLE STATEMENT
Title Jigeesha's general studies-V II
260 ## - PUBLICATION, DISTRIBUTION, ETC. (IMPRINT)
Place of publication, distribution, etc Gurgaon
Name of publisher, distributor, etc Lexis Nexis
Date of publication, distribution, etc 2015
270 ## - ADDRESS
Address 14th Floor, Building No. 10, Tower-B, DLF Cyber City Phase-II
City Gurgaon
Postal code 122002
300 ## - PHYSICAL DESCRIPTION
Extent V.p.
Dimensions 28cm(pbk)
490 ## - SERIES STATEMENT
Series statement Catapult test prep series
500 ## - GENERAL NOTE
General note for civil services main examination
942 ## - ADDED ENTRY ELEMENTS (KOHA)
Source of classification or shelving scheme Dewey Decimal Classification
Item type English Books

No items available.


© Delhi Public Library
Hit Counter
free hit counter